| 000 | 01037nas a2200253 4500 | ||
|---|---|---|---|
| 001 | BR8301968 | ||
| 003 | BR-BrBNA | ||
| 005 | 20231205085524.0 | ||
| 007 | ta | ||
| 008 | 230509b bl.|||p| |||| 00| 00por d | ||
| 040 |
_aBR-BrBNA _bpor _cBiblioteca Nacional de Agricultura |
||
| 041 | _a(Pt) | ||
| 072 | _aH10 | ||
| 100 | 1 | _aGabriel, D. | |
| 245 | 1 | _aLevantamento da ocorrencia da cochonilha Antonina graminis (Maskell, 1897)(Homoptera; Pseudococcidae)e de seus parasitos, em areas de pastagens do estado de Sao Paulo, 1: municipio de Piracicaba e Sao Pedro [Brasil] | |
| 246 | 1 | _aSurvey on the occurrence of Antonina graminis (Maskell, 1897)(Homoptera; Pseudococcidae)and its parasites in Sao Paulo state pasture areas, 1: Piracicaba and Sao Pedro counties [Brazil] | |
| 650 | _aPASTAGEM | ||
| 650 | _aCOCHONILHA | ||
| 650 | _aPARASITO | ||
| 650 | _aSAO PAULO | ||
| 773 | 0 |
_tBiologico (Brazil) _xISSN 0366-0567 _g(Aug 1982), v. 48(8) p. 195-200 _wBR8301968 |
|
| 909 |
_a202311 _bLúcia _c55 _dLúcia Elande |
||
| 942 |
_2AGRIS _n0 _cANA |
||
| 999 |
_c111970 _d111970 |
||